Statistics for Countries with the Most Mid-Size and Large Naval Vessels

Click here to take the quiz!

General Stats

  • This quiz has been taken 63 times
    (23 since last reset)
  • The average score is 12 of 14

Answer Stats

HintAnswer% Correct
44India
100%
27Italy
100%
72Japan
100%
85Russia
100%
188United States
100%
141China
95%
32France
95%
31United Kingdom
95%
21Germany
84%
32Turkey
79%
48South Korea
74%
30Taiwan
68%
24Greece
58%
21North Korea
47%

Score Distribution

Percentile by Number Answered

Percent of People with Each Score

Your Score History

You have not taken this quiz since the last reset